Industrial / organizational Psychology: science and practice (Record no. 61661)

MARC details
000 -LEADER
fixed length control field 00396nam a2200145Ia 4500
008 - FIXED-LENGTH DATA ELEMENTS--GENERAL INFORMATION
fixed length control field 230917s9999||||xx |||||||||||||| ||und||
040 ## - CATALOGING SOURCE
-- 146158
Original cataloging agency VIVEKANANDA LIBRARY
041 ## - Language
-- English
082 ## - DDC NUMBER
Classification number 158.7 S12I
100 ## - MAIN ENTRY--PERSONAL NAME
Personal name Saal, Frank E.
245 #0 - TITLE STATEMENT
Title Industrial / organizational Psychology: science and practice
260 ## - PUBLICATION, DISTRIBUTION, ETC. (IMPRINT)
Place of publication, distribution, etc California
Name of publisher, distributor, etc Brooks/Cole Publishing
Date of publication, distribution, etc 1988
300 ## - PHYSICAL DESCRIPTION
Pages 578p p.
942 ## - ADDED ENTRY ELEMENTS (KOHA)
Koha item type Books
Holdings
Withdrawn status Lost status Damaged status Not for loan Location (home branch) Sublocation or collection (holding branch) Date acquired Koha issues (times borrowed) Koha full call number Accession No. Koha date last seen Koha item type
        VIVEKANANDA LIBRARY VIVEKANANDA LIBRARY 15/03/2010   158.7 S12I 132952 17/09/2023 Books
© Designed and Maintained by Vivekananda Library, MDU Rohtak